| 000 | 00473nam a2200145 a 4500 | ||
|---|---|---|---|
| 001 | 000037408 | ||
| 005 | 20240305140538.0 | ||
| 008 | 120402s2012 dr ac 000 0 spa d | ||
| 040 |
_aDO-SdBNP _bspa _cBNPHU |
||
| 082 |
_axxxx _bH667 |
||
| 245 | 0 | 0 |
_aHipólito y Santiago : _brealizaciones 2000-2004 / _ceditor José Enríque García. |
| 260 |
_aSanto Domingo : _bBúho, _c2012. |
||
| 300 |
_a67 p. : _bils.,retr. ; _c23 cm. |
||
| 700 | 1 |
_aGarcía, José Enrique, _d1948- _eed. _922487 |
|
| 999 |
_c36898 _d36898 |
||